000 01589cam a2200313 4500500
005 20260111092943.0
041 _afre
042 _adc
100 1 0 _aPetit, Jean-François
_eauthor
245 0 0 _aLes trois héritages de Tibhirine
260 _c2017.
500 _a97
520 _aCet article fait le point, vingt ans après leur disparition, sur l’héritage des moines de Tibhirine. L’A. le situe à trois niveaux : le choix de la non-violence, la rencontre interculturelle et interreligieuse, l’anthropologie fondamentale, confirmant ainsi le caractère universel de leur message.
520 _aThe three heritages of TibhirineThis article takes stock of the legacy of the monks of Tibhirine twenty years after their deaths. The author puts this legacy on three levels: the choice of non-violence, intercultural and interreligious encounter and fundamental anthropology, confirming in this way the universal character of their message.
690 _aanthropologie fondamentale
690 _aChristian de Chergé
690 _adialogue interculturel
690 _adialogue interreligieux
690 _anon-violence
690 _aTibhirine
690 _aChristian de Chergé
690 _afundamental anthropology
690 _aIntercultural dialogue
690 _ainterreligious dialogue
690 _anon-violence
690 _aTibhirine
786 0 _nNouvelle revue théologique | 139 | 3 | 2017-06-02 | p. 443-452 | 0029-4845
856 4 1 _uhttps://shs.cairn.info/revue-nouvelle-revue-theologique-2017-3-page-443?lang=fr&redirect-ssocas=7080
999 _c1624950
_d1624950